[Event "Yalta op"]
[Site "Yalta"]
[Date "1996.??.??"]
[Round "6"]
[White "Koniushkov, Igor"]
[Black "Kushch, Nikolai"]
[Result "0-1"]
[WhiteElo "2280"]
[BlackElo "2370"]
[PlyCount "80"]
[EventDate "1996.??.??"]
[EventType "swiss"]
[EventRounds "11"]
[EventCountry "UKR"]
[SourceTitle "EXT 1998"]
[Source "ChessBase"]
[SourceDate "1997.11.17"]
[SourceVersion "1"]
[SourceVersionDate "1997.11.17"]
[SourceQuality "1"]

1. d4 Nf6 2. c4 e6 3. Nf3 c5 4. d5 exd5 5. cxd5 d6 6. Nc3 g6 7. g3 Bg7 8. Bg2 0-0 9. 0-0 a6 10. a4 Nbd7 11. Re1 Re8 12. Bf4 Qc7 13. Qc2 Rb8 14. a5 b5 15. axb6 Rxb6 16. Ra2 Qb8 17. Bd2 Rb4 18. Nd1 Rbe4 19. Nc3 R4e7 20. e4 Nb6 21. b3 h6 22. h3 Nfd7 23. Rb1 Qc7 24. Nh2 c4 25. b4 Ne5 26. Be3 f5 27. b5 a5 28. Rxa5 fxe4 29. Bxe4 Nd3 30. Bg2 Rxe3 31. fxe3 Rxe3 32. Nf1 Re7 33. Kh2 Bf5 34. Qd2 Qc5 35. Ra6 Kh7 36. Rba1 Bd4 37. Ra7 Rd7 38. Rxd7+ Nxd7 39. Ra2 Bg1+ 40. Kh1 Nf2+ 0-1